[Event "Mecklenburg VP VL 1314"]
[Site "Mecklenburg VP"]
[Date "2014.02.23"]
[Round "6.1"]
[White "Hanisch, Sebastian"]
[Black "Hornych, Christoph"]
[Result "0-1"]
[WhiteElo "2045"]
[BlackElo "2061"]
[PlyCount "130"]
[EventDate "2013.10.20"]
[EventType "team-tourn"]
[EventRounds "9"]
[EventCountry "GER"]
[SourceTitle "EXT 2022"]
[Source "ChessBase"]
[SourceDate "2021.10.06"]
[SourceVersion "1"]
[SourceVersionDate "2021.10.06"]
[SourceQuality "1"]
[WhiteTeam "Schwerin SF III"]
[BlackTeam "Warnemuende SF Ostsee"]
[WhiteTeamCountry "GER"]
[BlackTeamCountry "GER"]

1. b3 Nf6 2. Bb2 d5 3. e3 g6 4. d4 Bg7 5. Bd3 0-0 6. Ne2 c5 7. 0-0 cxd4 8. exd4 Nc6 9. Qd2 Bf5 10. Bxf5 gxf5 11. Qf4 e6 12. Nd2 Rc8 13. c3 Kh8 14. Nf3 Ng4 15. h3 Nf6 16. Ba3 Rg8 17. Ng5 Rc7 18. Rad1 h6 19. Nf3 Rd7 20. Bc1 Ne4 21. Rd3 Qf6 22. Ng3 Bf8 23. Ne5 Nxe5 24. Qxe5 Qxe5 25. dxe5 Rc7 26. Ne2 Bg7 27. Bf4 Rgc8 28. Rc1 Nc5 29. Re3 Nd7 30. Rd1 Kh7 31. Kf1 Nf8 32. Rdd3 Ng6 33. Bh2 b5 34. f4 h5 35. Bg1 Bf8 36. g3 b4 37. Rf3 bxc3 38. Rxc3 Bb4 39. Rxc7 Rxc7 40. Nd4 a6 41. Be3 Ne7 42. Rf2 Kg7 43. Rc2 Rxc2 44. Nxc2 Nc6 45. Ke2 f6 46. Nxb4 Nxb4 47. exf6+ Kxf6 48. Bd4+ Kf7 49. a3 Nc6 50. Bc5 Na5 51. b4 Nc4 52. a4 Ke8 53. b5 axb5 54. axb5 Kd7 55. Kd3 Na5 56. Kc3 Kc7 57. Kb4 Nc4 58. Bd4 Nd2 59. Be5+ Kb6 60. Bd4+ Kb7 61. Bc3 Ne4 62. Be1 Kb6 63. Ka4 Nc5+ 64. Ka3 Kxb5 65. Kb2 Nd3+ 0-1

[Event "Rostock SSC op 12th"]
[Site "Rostock"]
[Date "2013.08.02"]
[Round "5"]
[White "Schnicke, Robert"]
[Black "Hanisch, Sebastian"]
[Result "1/2-1/2"]
[WhiteElo "2199"]
[BlackElo "2097"]
[PlyCount "92"]
[EventDate "2013.07.31"]
[EventType "swiss"]
[EventRounds "7"]
[EventCountry "GER"]
[SourceTitle "EXT 2018"]
[Source "ChessBase"]
[SourceDate "2017.10.13"]
[SourceVersion "1"]
[SourceVersionDate "2017.10.13"]
[SourceQuality "1"]

1. e4 b6 2. d4 Bb7 3. Nd2 g6 4. Ngf3 Bg7 5. Bd3 e6 6. a4 a5 7. Qe2 Ne7 8. h4 h6 9. c3 c5 10. dxc5 bxc5 11. e5 d5 12. exd6 Qxd6 13. Nc4 Qc7 14. 0-0 0-0 15. Nfe5 Nbc6 16. Bf4 Nxe5 17. Nxe5 Nd5 18. Bg3 Qe7 19. Rfe1 Rfd8 20. Qc2 Qf6 21. Ng4 Qe7 22. Bxg6 fxg6 23. Qxg6 Ra6 24. Be5 Rf8 25. g3 Kh8 26. Qxh6+ Kg8 27. Qg6 Kh8 28. Rad1 Nf6 29. Nxf6 Bxf6 30. Bxf6+ Qxf6 31. Qh5+ Kg8 32. f4 Qf7 33. Qxc5 Qg7 34. Qg5 Qxg5 35. hxg5 Bd5 36. Kf2 Rb6 37. Rd2 Rfb8 38. Ree2 Bc4 39. Re4 Rxb2 40. Red4 Rxd2+ 41. Rxd2 Rb3 42. Rd8+ Kf7 43. Ra8 Rxc3 44. Rxa5 Bd5 45. Ke1 Rxg3 46. f5 Rxg5 1/2-1/2

[Event "Mecklenburg VP VL 1213"]
[Site "Mecklenburg VP"]
[Date "2013.04.28"]
[Round "9.8"]
[White "Ebert, Lutz"]
[Black "Hanisch, Sebastian"]
[Result "1/2-1/2"]
[WhiteElo "1715"]
[BlackElo "2004"]
[PlyCount "51"]
[EventDate "2012.10.14"]
[EventType "team-tourn"]
[EventRounds "9"]
[EventCountry "GER"]
[SourceTitle "EXT 2022"]
[Source "ChessBase"]
[SourceDate "2021.10.06"]
[SourceVersion "1"]
[SourceVersionDate "2021.10.06"]
[SourceQuality "1"]
[WhiteTeam "Guestrow/Teterow"]
[BlackTeam "Schwerin SF II"]
[WhiteTeamCountry "GER"]
[BlackTeamCountry "GER"]

1. Nf3 f5 2. b4 Nf6 3. Bb2 e6 4. b5 c5 5. c4 d5 6. e3 Bd6 7. Be2 0-0 8. 0-0 Nbd7 9. d4 b6 10. a4 a6 11. Nbd2 axb5 12. axb5 Rxa1 13. Bxa1 Bb7 14. Qc2 Qe7 15. Bb2 Ne4 16. Ra1 Ndf6 17. Nxe4 Nxe4 18. cxd5 exd5 19. dxc5 bxc5 20. Bd3 f4 21. exf4 Rxf4 22. Re1 Qf7 23. Bxe4 dxe4 24. Ne5 Qe6 25. Qc3 Be7 26. Nd7 1/2-1/2